Najpopularniejsze nazwy ulic w Polsce - Statystyki

Ogólne statystyki
  • Ten quiz został rozwiązany 2 531 razy
  • Średni wynik to 3 z 10
Statystyki odpowiedzi
liczba ulica % Poprawnych
3090 Polna
47%
2270 Krótka
40%
2175 Szkolna
37%
2999 Leśna
36%
1480 Kwiatowa
35%
2414 Słoneczna
25%
1684 Lipowa
20%
2172 Ogrodowa
13%
1552 Brzozowa
11%
1504 Łąkowa
11%
Nie znaleziono quizów pasujących do podanych kryteriów
Rozkład punktacji
Procent ludzi z każdym wynikiem
Percentyl według liczby udzielonych odpowiedzi
Twoja historia wyników
Nie rozwiązałeś tego quizu